Ki in daily life
By this book, the author presents the philosophical groundwork and specific disciplines by which the individual may attune himself or herself with the hi-life energy of the universe and thrive in health and harmony, without fatigue or depression
সংরক্ষণ করুন:
| প্রধান লেখক: | |
|---|---|
| বিন্যাস: | গ্রন্থ |
| ভাষা: | Undetermined |
| প্রকাশিত: |
New York
Japan Publications Trading Company
1980
|
| বিষয়গুলি: | |
| ট্যাগগুলো: |
ট্যাগ যুক্ত করুন
কোনো ট্যাগ নেই, প্রথমজন হিসাবে ট্যাগ করুন!
|
| Thư viện lưu trữ: | Trung tâm Học liệu Trường Đại học Cần Thơ |
|---|
| LEADER | 00812nam a2200193Ia 4500 | ||
|---|---|---|---|
| 001 | CTU_221640 | ||
| 008 | 210402s9999 xx 000 0 und d | ||
| 082 | |a 796.8 | ||
| 082 | |b T645 | ||
| 100 | |a Tohei, Koichi | ||
| 245 | 0 | |a Ki in daily life | |
| 245 | 0 | |c Koichi Tohei | |
| 260 | |a New York | ||
| 260 | |b Japan Publications Trading Company | ||
| 260 | |c 1980 | ||
| 520 | |a By this book, the author presents the philosophical groundwork and specific disciplines by which the individual may attune himself or herself with the hi-life energy of the universe and thrive in health and harmony, without fatigue or depression | ||
| 650 | |a Conduct of life,Hành vi cuộc sống,Spiritual exercises,Bài tập tinh thần | ||
| 904 | |i Nguyên | ||
| 980 | |a Trung tâm Học liệu Trường Đại học Cần Thơ | ||